Language history, language change and language relationship : an introduction to historical and comprarative linguistics
Αποθηκεύτηκε σε:
| Κύριος συγγραφέας: | |
|---|---|
| Άλλοι συγγραφείς: | |
| Μορφή: | Βιβλίο |
| Γλώσσα: | English |
| Δημοσίευση: |
Berlin :
Mouton de Gruyter,
1996
|
| Θέματα: | |
| Ετικέτες: |
Προσθήκη ετικέτας
Δεν υπάρχουν, Καταχωρήστε ετικέτα πρώτοι!
|
MARC
| LEADER | 00000nam a2200000 i 4500 | ||
|---|---|---|---|
| 001 | 1/26113 | ||
| 008 | 020809s1996 eng d | ||
| 020 | |a 3-11-014784-X | ||
| 035 | |l 10068191 | ||
| 040 | |a GR-MY-UA |b gre |e aacr | ||
| 041 | 0 | |a eng | |
| 082 | 0 | |a 417 | |
| 100 | 0 | |a Hock, Hans Henrich. | |
| 245 | 1 | 0 | |a Language history, language change and language relationship : |b an introduction to historical and comprarative linguistics / |c by Hans Henrich Hock, Brian D. Joseph |
| 260 | |a Berlin : |b Mouton de Gruyter, |c 1996 | ||
| 300 | |a 602 p. | ||
| 650 | 0 | 0 | |a Historical linguistics. |
| 650 | 0 | 0 | |a Comparative linguistics. |
| 700 | 1 | |a Joseph, Brian D. | |
| 852 | |a INST |b RHODES |e 20020809 |h 417 HOC |p 005400016257 |q 005400016257 |t BK |y 0 | ||
| 901 | |a BIBL4-2002-2 | ||
| 909 | |a Ρ |b 102348 | ||
| 922 | |a 4ΕΛΗ |b 200206 |c ΚΠΣ/124 | ||
| 970 | |a ΚΟΥΛΑΚΙΟΤΗ |b ΛΙΤΣΑ |z 2002/08/22 | ||